| 000 | 00500nam a2200157 i 4500 | ||
|---|---|---|---|
| 001 | 89522 | ||
| 003 | ES-MaACL | ||
| 005 | 20230906180217.0 | ||
| 007 | t| | ||
| 008 | 050111s1929 sp ||||1| spa d | ||
| 100 | 1 |
_aLasala Llanas, Manuel de. _970408 |
|
| 245 | 1 | 0 |
_aConciliación, justicia y jurisprudencia internacionales _b: memoria de un curso / _cpor Manuel de Lasala Llanas. |
| 260 |
_aZaragoza : _b[s.n.], _c1929 ( _fLa Académica) |
||
| 300 |
_a32 p. ; _c24 cm. |
||
| 852 |
_aES-MaACL _j1732-F-5 |
||
| 999 |
_c89522 _d89522 |
||